• 首页
  • 本馆介绍
  • 公告通知
  • 最新文献
  • 馆藏检索
  • 电子资源
  • 读者导购
  • 参考咨询
  • 我的图书馆
  • 登录
  • 详细信息显示
  • 放入我的书架
  • 预约/预借图书
  • 作者相关作品
  • 分类相关作品
  • 丛书相关作品
  • 出版社相关作品

书目信息

  • 表格格式
  • 工作单格式
  • 卡片格式
书名: Introduction to numerical analysis
作者: [by] F. B. Hildebrand.
分册号:
分册名:
出版地: New York :
 
出版社: McGraw-Hill
出版时间: [1973, c1974].
页数: xiii, 669 p. ;
开本: 24 cm.
丛书名:
中图分类号:
科图分类号:
其他分类号: O17:H31
主题词:
电子资源:
000 00769pam 2200253 4504
001 E0756504585
005 20070225154808.78
008 030930c19731974nyu b 00110 eng
010    @a73011315
020    @a0070287619.
035    @a0093-03460
050 00 @aQA297@b.H54 1974
090    @aP171.5/W5/1974
090    @aO17:H31
099    @dO17:H31@ex50
100 1  @aHildebrand, Francis Begnaud.
245 10 @aIntroduction to numerical analysis / @c[by] F. B. Hildebrand.
250    @a2d ed.
260    @aNew York :@bMcGraw-Hill,@c[1973, c1974].
300    @axiii, 669 p. ;@c24 cm.
490 0  @aInternational series in pure and applied mathematics.
504    @aBibliography: p. [645]-658.
650  0 @aNumerical analysis.
920    @a232010@z2
    
    Introduction to numerical analysis / / [by] F. B. Hildebrand.-2d ed.-New York : : McGraw-Hill, , [1973, c1974].
    xiii, 669 p. ; ; 24 cm.- (International series in pure and applied mathematics. )
    Bibliography: p. [645]-658.
    
    ISBN 0070287619.
    
●
相关链接 在E读中查询图书 在五车中查询图书 在当当中查询图书 在豆瓣中查询图书


正题名:Introduction to numerical analysis     索取号:O17:H31/x50         预约/预借

序号 登录号 条形码 馆藏地/架位号 状态 备注
1 49888   000454724   第四借阅区/ [索取号:O17:H31/x50] 在馆    
2 49889   000454608   第四借阅区/ [索取号:O17:H31/x50] 在馆    
唐山师范学院图书馆 欢迎您!
大连网信软件有限公司© 版权所有